000 00524nam a2200217Ia 4500
003 OSt
005 20250714112802.0
008 210210b1990 xxu||||| |||| 00| 0 eng d
040 _cAL
041 _aEnglish
082 _a651.3 CHOO
100 _aChopra R K
_9140762
245 _aOffice Management
250 _a7
260 _aBombay
_bHimalaya Publishing House
_c1990
300 _a16,58,17,p.
650 _aOffice Management
_9140763
690 _aOffice Management
_9140763
906 _a044837
942 _2ddc
_cBK
999 _c94108
_d94108